Регионална библиотека "Любен Каравелов" - Русе

Tales from the underground railroad (Запис номер 53581)

MARC детайли
000 -Лидер
Контролно поле с фиксирана дължина 00815nam a2200277 c 4500
003 - Код на организацията, давaща контролен номер
Контролно поле BLK
005 - Дата и час на последна редакция
Контролно поле 20210617100520.0
008 - Елементи от данни с фиксирана дължина
fixed length control field 180408b bul|||||r ||||||| ||bul||
010 ## - Наследен системен номер
LC control number KNG00057522000
020 ## - Международен стандартен номер на книга ISBN
Международен стандартен номер на книга ISBN 0-8114-8063-1
-- издат.: RSVP
040 ## - Източник на каталожния запис
Идентификатор на билиотеката - собственик на записа BLK
041 ## - Код за език
Код за езика на текст/звукозапис или на отделно заглавие Английски
Код за езика КДБФ Английски
080 ## - УДК
Текстов определител УДК Американска литература (на САЩ)
УДК код - определител по УДК 821.111(73)
УДК определител -93-31
УДК - код + определител 821.111(73)-93-31
100 1# - Редна дума - Автор
Автор Connel, Kate
Авторска отговорност първи автор
R(LIN) 7547
139 ## - Редно поле
Редна дума Connel, Kate
Авторски знак Con - C 74
245 10 - Сведения за заглавието
Заглавие Tales from the underground railroad
Редно поле (дума) Kate Connel.
257 ## - Страна на издаване
Страна на създаване/издаване Съединени американски щати
260 ## - Област на издателските данни
-- Austin
Име на издателя, разпространителя и проч. RSVP
Година на издаване 1993
300 ## - Физическа характеристика
Страници 68 p.
Размери/Мащаб 20 cm
380 ## - Жанр
Жанр Детска худож. лит.
852 ## - Местоположение
Форматна сигнатура Цб 213649
856 4# - Електронен адрес и достъп
Електронен формат pdf - файл
Път до файла /url/
856 4# - Електронен адрес и достъп
Електронен формат pdf - файл
Път до файла /url/
942 ## - АРТИКУЛИ
Вид на библиотечния материал Книги
Скрит в OPAC Не
Koha issues (borrowed), all copies 2
944 ## - СЪЗДАВАНЕ И РЕДАКЦИЯ на ЗАПИСА
Създаване/Редакция Създаване
Дата на регистрацията/редакция 10.01.2006
Служител, извършил регистрацията/редакцията Цветанка_Енчева
944 ## - СЪЗДАВАНЕ И РЕДАКЦИЯ на ЗАПИСА
Създаване/Редакция Редакция
Дата на регистрацията/редакция 11.01.2006
Служител, извършил регистрацията/редакцията
999 ## - СИСТЕМНИ КОНТРОЛНИ НОМЕРА
Koha biblionumber 53581
Koha biblioitemnumber 53581
Наличности
Код за отписване Код за изгубен артикул Код за повреда Коз за рестрикции Код за отдаване Артикулен № Име на библиотеката - собственик Име на библиотеката, в която се намира в момента Статус (Текущо местоположение) Дата на вписване в системата Местоположение - отдел Цена в лева Инвентарен номер Систематично азбучна сигнатура Баркод Номер на екземпляра Цена в евро Служебна бележка Служебен тип на артикула
  Не е изгубен Не е повреден без рестрикции заемане за дома 84421 Регионална библиотека "Любен Каравелов" Русе Регионална библиотека "Любен Каравелов" Русе Детски отдел 2006-01-09 Детски отдел 3.00 120000699250 ДХ 820/899/С 74 120000699250 1 1.53 Дост: DA Вид: А N: 1 Дата: 04.01.2006 Книги
Vip Innovations Ltd, Rousse, Bulgaria 2025